[Event "Torneo Citta' di Milano B"]
[Site "Milano ITA"]
[Date "2007.05.18"]
[Round "1"]
[White "Scalfi, Alberto"]
[Black "Rossini, Luca"]
[Result "1-0"]
[WhiteElo "1497"]
[BlackElo "1440"]
[PlyCount "59"]
[EventDate "2007.05.18"]

1. e4 c5 2. Bc4 Nc6 3. c3 e6 4. Qe2 g6 5. a3 Bg7 6. d3 d6 7. f4 Nge7 8. Nf3 O-O
9. Ba2 e5 10. fxe5 dxe5 11. Bg5 Bg4 12. Nbd2 Qd7 13. Bxe7 Qxe7 14. O-O Bxf3 15.
Rxf3 Rad8 16. Raf1 Rd7 17. Rxf7 Rxf7 18. Rxf7 Qxf7 19. Bxf7+ Kxf7 20. Qf2+ Kg8
21. Qxc5 Bf8 22. Qc4+ Kg7 23. b4 a6 24. Nf3 Bd6 25. Qe6 Rd8 26. a4 Bc7 27. b5
axb5 28. axb5 Na5 29. Qe7+ Kh6 30. Qxc7 1-0

[Event "Torneo Citta' di Milano B"]
[Site "Milano ITA"]
[Date "2007.05.19"]
[Round "2"]
[White "Miglioli, Luca"]
[Black "Reale, Simone"]
[Result "0-1"]
[WhiteElo "1401"]
[BlackElo "1443"]
[PlyCount "98"]
[EventDate "2007.05.18"]

1. d4 Nf6 2. c4 g6 3. Nc3 d5 4. cxd5 Nxd5 5. e4 Nxc3 6. bxc3 Bg7 7. Bc4 c5 8.
Be3 Nc6 9. Ne2 O-O 10. O-O cxd4 11. cxd4 Bg4 12. f3 Na5 13. Bxf7+ Rxf7 14. fxg4
Rxf1+ 15. Kxf1 e5 16. d5 Nc4 17. Qd3 b5 18. Rc1 Qh4 19. h3 Nxe3+ 20. Qxe3 Bh6
21. Qb3 Bxc1 22. Nxc1 Rf8+ 23. Ke2 Rf2+ 24. Kd1 Rf1+ 25. Kc2 Qf2+ 26. Kb1 Qxg2
27. d6+ Kg7 28. Qd3 Rf8 29. d7 Rd8 30. Qd5 Kh6 31. Qxe5 Rxd7 32. Qf4+ Kg7 33.
Qe5+ Kf7 34. g5 Qf3 35. Nb3 Rd1+ 36. Nc1 Qd3+ 37. Kb2 Qd2+ 38. Kb3 Rxc1 39.
Qf6+ Ke8 40. Qe5+ Kd7 41. Qxb5+ Kc7 42. Qe5+ Qd6 43. Qg7+ Kc6 44. Qxa7 Qb8+ 45.
Qxb8 Rb1+ 46. Kc4 Rxb8 47. e5 Kd7 48. a4 Ra8 49. Kb5 Ke6 0-1

[Event "Torneo Citta' di Milano B"]
[Site "Milano ITA"]
[Date "2007.05.19"]
[Round "2"]
[White "Rossini, Luca"]
[Black "Voute, Alexandre"]
[Result "1/2-1/2"]
[WhiteElo "1440"]
[BlackElo "1500"]
[PlyCount "75"]
[EventDate "2007.05.18"]

1. d4 d5 2. c4 e6 3. Nc3 Bb4 4. Bd2 Ne7 5. a3 Bxc3 6. Bxc3 O-O 7. e3 Nbc6 8.
Nf3 Bd7 9. Be2 dxc4 10. Bxc4 Nd5 11. Bxd5 exd5 12. O-O Qf6 13. b4 Bg4 14. b5
Ne7 15. Bb4 Bxf3 16. Qxf3 Qxf3 17. gxf3 Rfe8 18. e4 Ng6 19. exd5 Rad8 20. Rfe1
Rxe1+ 21. Rxe1 h6 22. Bc3 Rxd5 23. a4 Nf4 24. Re8+ Kh7 25. Re7 c6 26. bxc6 bxc6
27. Kf1 Ne6 28. Rxf7 Kg6 29. Rxa7 Nxd4 30. Bxd4 Rxd4 31. a5 Ra4 32. Ra6 Kh7 33.
Rxc6 Rxa5 34. Rc7 Rf5 35. Kg2 Rg5+ 36. Kh3 Rh5+ 37. Kg3 Rg5+ 38. Kh3 1/2-1/2

[Event "Torneo Citta' di Milano B"]
[Site "Milano ITA"]
[Date "2007.05.20"]
[Round "4"]
[White "Reale, Simone"]
[Black "D'Apa, Massimo"]
[Result "0-1"]
[WhiteElo "1443"]
[BlackElo "1488"]
[PlyCount "80"]
[EventDate "2007.05.18"]

1. d4 Nf6 2. c4 g6 3. Nc3 Bg7 4. e4 d6 5. Nf3 Nbd7 6. Bd3 O-O 7. Bf4 Nh5 8. Be3
e5 9. d5 a5 10. O-O Nc5 11. Bc2 f5 12. Qd2 f4 13. Bxc5 dxc5 14. h3 Bf6 15. Rad1
Bd7 16. Ba4 Ra6 17. Qc2 Ng7 18. Bxd7 Qxd7 19. Na4 b6 20. Rd2 Ne8 21. b3 Nd6 22.
Re1 g5 23. Qc3 Qe7 24. Kh1 Raa8 25. Rde2 Rae8 26. Rg1 Qd7 27. Nd2 g4 28. Nb2
Kh8 29. Nf1 Rg8 30. Nh2 h5 31. Rd1 Qg7 32. Rd3 Nf5 33. hxg4 hxg4 34. exf5 e4
35. Rh3+ gxh3 36. Qxh3+ Qh7 37. Qxh7+ Kxh7 38. Nd1 Bd4 39. f3 exf3 40. Rxe8
fxg2# 0-1

[Event "Torneo Citta' di Milano B"]
[Site "Milano ITA"]
[Date "2007.05.20"]
[Round "4"]
[White "Rossini, Luca"]
[Black "Berton, Venanzio"]
[Result "0-1"]
[WhiteElo "1440"]
[BlackElo "1431"]
[PlyCount "76"]
[EventDate "2007.05.18"]

1. d4 d5 2. c4 c6 3. Nc3 Bf5 4. Bf4 e6 5. e3 Nf6 6. Nf3 Nh5 7. Bxb8 Rxb8 8. Be2
Qb6 9. Rb1 Bxb1 10. Qxb1 Bb4 11. O-O Bxc3 12. bxc3 Qxb1 13. Rxb1 Nf6 14. c5 O-O
15. Ne5 Rfd8 16. Bf3 Nd7 17. Nxd7 Rxd7 18. e4 b6 19. cxb6 axb6 20. exd5 cxd5
21. a4 Ra7 22. Bd1 Kf8 23. Rb5 Ke7 24. Kf1 Kd6 25. a5 Rxa5 26. Rxa5 bxa5 27.
Bh5 f6 28. Ke1 a4 29. Be2 a3 30. c4 a2 31. c5+ Kc6 32. f3 a1=Q+ 33. Kf2 Qxd4+
34. Kg3 Kxc5 35. h3 Qe5+ 36. Kf2 Rb2 37. Kg1 Qxe2 38. Kh2 Qxg2# 0-1

[Event "Torneo Citta' di Milano B"]
[Site "Milano ITA"]
[Date "2007.05.20"]
[Round "5"]
[White "Rossini, Luca"]
[Black "Loaldi, Davide"]
[Result "0-1"]
[WhiteElo "1440"]
[BlackElo "1434"]
[PlyCount "80"]
[EventDate "2007.05.18"]

1. c4 e5 2. Nc3 Nc6 3. g3 Bb4 4. Bg2 Nf6 5. Nd5 d6 6. Nxb4 Nxb4 7. a3 Nc6 8.
Qa4 Bd7 9. Qd1 O-O 10. e4 Nd4 11. d3 h6 12. h3 a6 13. Ne2 c5 14. Nxd4 cxd4 15.
O-O Qc8 16. Kh2 b5 17. b3 g5 18. Bd2 Kg7 19. Bb4 Qc7 20. Bf3 Rh8 21. Be2 h5 22.
Kg2 Qc8 23. Rh1 g4 24. h4 bxc4 25. bxc4 Qc7 26. Qc1 a5 27. Qg5+ Kh7 28. Qxf6
axb4 29. Qxf7+ Kh6 30. Qf6+ Kh7 31. axb4 Rhf8 32. Qg5 Rxa1 33. Rxa1 Be8 34. Qd2
Qf7 35. Bd1 Bc6 36. Ra2 Kg8 37. b5 Bb7 38. Qh6 d5 39. cxd5 Bxd5 40. Ra6 Qxf2+
0-1

[Event "Open Accademia Serale"]
[Site "Milano ITA"]
[Date "2007.02.12"]
[Round "2"]
[White "Moreschi, Mauro"]
[Black "Chinnici, Giorgio"]
[Result "0-1"]
[WhiteElo "1963"]
[BlackElo "1727"]
[PlyCount "82"]
[EventDate "2007.02.05"]

1. e4 e5 2. Nc3 Nc6 3. g3 Bc5 4. Bg2 Nf6 5. Nge2 O-O 6. O-O a6 7. d3 d6 8. h3
Be6 9. Nd5 Bxd5 10. exd5 Ne7 11. g4 Ng6 12. Ng3 Nh4 13. Bh1 Nd7 14. g5 f5 15.
Qh5 Ng6 16. Kh2 Qe8 17. Bd2 Ne7 18. Qe2 Ng6 19. Rae1 Qf7 20. c4 Rae8 21. Qh5
Ne7 22. Qxf7+ Rxf7 23. h4 Bd4 24. h5 Nc5 25. Be3 Nxd3 26. Bxd4 Nxe1 27. Rxe1
exd4 28. Rd1 f4 29. Ne2 Nf5 30. Nxd4 Nxd4 31. Rxd4 Re2 32. Kg1 Rxb2 33. a4 Rf5
34. g6 hxg6 35. hxg6 Rg5+ 36. Kh2 Rxf2+ 37. Kh3 Rh5+ 38. Kg4 Rxh1 39. Re4 Kf8
40. Kf5 Rh5+ 41. Kg4 Re5 0-1

[Event "Open Accademia Serale"]
[Site "Milano ITA"]
[Date "2007.02.26"]
[Round "3"]
[White "Bonavoglia, Marco"]
[Black "Chinnici, Giorgio"]
[Result "1-0"]
[WhiteElo "2030"]
[BlackElo "1727"]
[PlyCount "99"]
[EventDate "2007.02.05"]

1. e4 e5 2. Nf3 Nc6 3. Nc3 Nf6 4. Nxe5 Nxe5 5. d4 Ng6 6. e5 Ng8 7. Bc4 d5 8.
Bxd5 N8e7 9. Bb3 Nf5 10. Qf3 Ngh4 11. Qe4 Qxd4 12. Ba4+ Kd8 13. Bg5+ Be7 14.
Rd1 Qxd1+ 15. Kxd1 Bxg5 16. Qd5+ Ke7 17. Qc5+ Kd8 18. Ke2 Be6 19. Rd1+ Kc8 20.
Nb5 c6 21. Nd6+ Nxd6 22. exd6 Bg4+ 23. f3 Re8+ 24. Kf1 Nxf3 25. gxf3 Bh3+ 26.
Kf2 Be3+ 27. Qxe3 Rxe3 28. Kxe3 Be6 29. Kd4 b5 30. Bb3 Kd7 31. Kc5 Re8 32. f4
a5 33. c4 Bxc4 34. Bxc4 bxc4 35. Rd4 Re6 36. a4 g5 37. fxg5 Re5+ 38. Kb6 Rxg5
39. Rxc4 Kxd6 40. Rxc6+ Ke7 41. Rc7+ Kf6 42. Ra7 Ke6 43. Rxa5 Rxa5 44. Kxa5 f5
45. Kb4 f4 46. Kc3 Ke5 47. Kd2 Kd4 48. Ke2 Kc4 49. Kf3 Kb4 50. b3 1-0

[Event "Open Accademia Serale"]
[Site "Milano ITA"]
[Date "2007.03.13"]
[Round "5"]
[White "Donnoli, Giorgio"]
[Black "Chinnici, Giorgio"]
[Result "1/2-1/2"]
[WhiteElo "1628"]
[BlackElo "1727"]
[PlyCount "111"]
[EventDate "2007.02.05"]

1. d4 d5 2. c4 c6 3. Nc3 Nf6 4. cxd5 cxd5 5. Nf3 Nc6 6. Bf4 a6 7. e3 Bg4 8. Be2
e6 9. a3 Be7 10. O-O O-O 11. h3 Bh5 12. b4 Bxf3 13. Bxf3 b5 14. Qb3 Nd7 15.
Rfc1 Rc8 16. Rc2 Nb6 17. Rac1 Nc4 18. Be2 f5 19. Bxc4 dxc4 20. Qb2 Bd6 21. Bxd6
Qxd6 22. Rd2 Ne7 23. Rcd1 Nd5 24. Qc2 Nxc3 25. Qxc3 Qe7 26. f3 Rcd8 27. f4 Rd7
28. g3 Ra8 29. Ra1 Qd8 30. a4 Qb8 31. a5 Qb7 32. Kf2 h6 33. Re1 g5 34. Rg1 gxf4
35. exf4 Qd5 36. Re1 Re8 37. Re5 Qh1 38. h4 Rg7 39. Qf3 Qb1 40. Qc3 Qh1 41. Qf3
Qxf3+ 42. Kxf3 Rd7 43. Rc5 Kf7 44. Ke3 Ree7 45. Rc2 Rc7 46. Rc3 Kf6 47. Re5
Red7 48. Rc5 Ra7 49. Rc6 Ke7 50. Rc5 Ra8 51. Rc2 Rad8 52. Rd2 Kf6 53. Rc6 Rd6
54. Rc5 Rg8 55. Kf3 Rgd8 56. Ke3 1/2-1/2

[Event "XIX Festival B"]
[Site "Porto San Giorgio ITA"]
[Date "2007.08.25"]
[Round "5"]
[White "Beltrami, Chiara"]
[Black "Chinnici, Giorgio"]
[Result "0-1"]
[WhiteElo "1671"]
[BlackElo "1760"]
[PlyCount "68"]
[EventDate "2007.08.21"]

1. e4 e5 2. Nf3 Nc6 3. d4 exd4 4. Nxd4 Bc5 5. Be3 Qf6 6. c3 Nge7 7. Bc4 Ne5 8.
Be2 Qg6 9. Bf3 O-O 10. Nf5 Nxf5 11. Bxc5 Nh4 12. Bxf8 Nhxf3+ 13. gxf3 Qg2 14.
Kd2 Kxf8 15. Kc1 Nd3+ 16. Kc2 Nxf2 17. Qd2 Qxh1 18. Qxf2 d6 19. Qh4 Qg2+ 20.
Nd2 Be6 21. Qxh7 Ke7 22. Qh4+ Kd7 23. Qg3 Qxg3 24. hxg3 Rh8 25. f4 Bg4 26. Nc4
Rh2+ 27. Kb3 b5 28. Ne3 Bf3 29. Nf5 Bxe4 30. Nd4 a6 31. a4 c5 32. axb5 cxd4 33.
bxa6 d3 34. Rd1 Kc7 0-1

[Event "XXVII Festival Conca della Presolana D"]
[Site "Bratto - Castione della Presolana ITA"]
[Date "2007.08.25"]
[Round "2"]
[White "Taddei, Massimo"]
[Black "Rossini, Luca"]
[Result "1/2-1/2"]
[WhiteElo "1458"]
[BlackElo "1371"]
[PlyCount "54"]
[EventDate "2007.08.24"]

1. e4 c5 2. Nf3 Nc6 3. d4 cxd4 4. Nxd4 d6 5. Nc3 g6 6. Be3 Bg7 7. Qd2 Nf6 8. f3
O-O 9. Bh6 Bxh6 10. Qxh6 Nxd4 11. O-O-O Nc6 12. g4 Qd7 13. h4 Ne5 14. Be2 Nexg4
15. fxg4 Nxg4 16. Bxg4 Qxg4 17. h5 gxh5 18. Rdg1 Be6 19. Rxg4+ Bxg4 20. Rg1 Kh8
21. Nd5 Rae8 22. Ne3 Rg8 23. Nxg4 Rxg4 24. Rxg4 hxg4 25. Qg5 Rg8 26. Qxe7 g3
27. Qf6+ Rg7 1/2-1/2

[Event "XXVII Festival Conca della Presolana D"]
[Site "Bratto - Castione della Presolana ITA"]
[Date "2007.08.28"]
[Round "5"]
[White "Guerini, Silvia"]
[Black "Rossini, Luca"]
[Result "1-0"]
[WhiteElo "1440"]
[BlackElo "1371"]
[PlyCount "93"]
[EventDate "2007.08.24"]

1. e4 c5 2. Nf3 Nc6 3. Nc3 d6 4. h3 g6 5. Bb5 Bd7 6. Bxc6 Bxc6 7. d4 Bg7 8. d5
Bd7 9. Qd3 Nf6 10. O-O O-O 11. Bg5 e5 12. Rfe1 h6 13. Bd2 a6 14. Qc4 b5 15. Qe2
b4 16. Nb1 a5 17. c3 Qe7 18. cxb4 axb4 19. a3 bxa3 20. bxa3 g5 21. Nc3 g4 22.
hxg4 Bxg4 23. Rab1 Rxa3 24. Bc1 Rxc3 25. Bd2 Bxf3 26. gxf3 Ra3 27. Rec1 Nh5 28.
f4 Nxf4 29. Qg4 Qg5 30. Qxg5 hxg5 31. Rb6 Ne2+ 32. Kf1 Nxc1 33. Bxc1 Ra1 34.
Ke2 Rxc1 35. Rxd6 Rc8 36. Rd7 c4 37. Kd2 Rb1 38. f3 Rb6 39. d6 c3+ 40. Kc2 Rb2+
41. Kc1 c2 42. Rc7 Rxc7 43. dxc7 Rb1+ 44. Kxc2 Rf1 45. c8=Q+ Kh7 46. Qh3+ Bh6
47. Qxf1 1-0

[Event "XXVII Festival Conca della Presolana D"]
[Site "Bratto - Castione della Presolana ITA"]
[Date "2007.08.29"]
[Round "6"]
[White "Rossini, Luca"]
[Black "Nicolosi, Piergiuseppe"]
[Result "1-0"]
[WhiteElo "1371"]
[BlackElo "1440"]
[PlyCount "85"]
[EventDate "2007.08.24"]

1. d4 d5 2. c4 dxc4 3. Nc3 Nf6 4. e4 Nc6 5. Nf3 Bg4 6. Be3 e6 7. Bxc4 Bb4 8.
Bd3 Bxf3 9. gxf3 Nxd4 10. Bxd4 Qxd4 11. Bb5+ c6 12. Qxd4 Bxc3+ 13. Qxc3 cxb5
14. O-O Nh5 15. Rad1 O-O 16. Qc5 Nf4 17. Qxb5 b6 18. Rd2 h6 19. Rfd1 Kh7 20.
Qb4 e5 21. Qe7 Ng6 22. Qc7 f6 23. Rd8 Kg8 24. Rxa8 Rxa8 25. Rd8+ Rxd8 26. Qxd8+
Kh7 27. Qc7 Nf4 28. Qxa7 Nh3+ 29. Kf1 b5 30. a4 b4 31. Qb7 Nf4 32. a5 Nd3 33.
b3 Nc5 34. Qxb4 Na6 35. Qb6 g5 36. Qxa6 Kg6 37. Qxf6+ Kxf6 38. a6 h5 39. a7 g4
40. fxg4 hxg4 41. a8=Q Kg5 42. Qf8 Kh4 43. Qh6# 1-0

[Event "XXVII Festival Conca della Presolana D"]
[Site "Bratto - Castione della Presolana ITA"]
[Date "2007.08.31"]
[Round "8"]
[White "Rossini, Luca"]
[Black "Ciolfi, Stefano"]
[Result "1-0"]
[WhiteElo "1371"]
[BlackElo "1362"]
[PlyCount "105"]
[EventDate "2007.08.24"]

1. d4 Nf6 2. c4 g6 3. Nc3 c6 4. Bg5 Bg7 5. e3 O-O 6. Nf3 d6 7. Be2 Be6 8. O-O
a6 9. h3 b5 10. b3 Qc7 11. Qd2 b4 12. Nd1 c5 13. Nb2 Rd8 14. Rad1 cxd4 15. exd4
a5 16. Qf4 Nbd7 17. d5 Bf5 18. Rfe1 Nf8 19. Bd3 Bxd3 20. Rxd3 e6 21. Bxf6 Bxf6
22. Qxf6 e5 23. Rde3 Ra6 24. Qh4 Re8 25. Nd2 Raa8 26. f4 Qb6 27. Qf2 Nd7 28.
Nd3 f6 29. Rf3 Qxf2+ 30. Rxf2 Kf7 31. Ne4 Kg7 32. Nxd6 Re7 33. f5 g5 34. Rc2
Ra6 35. c5 Nxc5 36. Rxc5 Rxd6 37. Rxa5 e4 38. Nxb4 Re5 39. g4 h5 40. Nc6 Rexd5
41. Rxd5 Rxd5 42. Rxe4 Rd1+ 43. Kf2 Rd2+ 44. Re2 Rd3 45. Kg2 hxg4 46. hxg4 Rc3
47. Na5 Rc7 48. Rb2 Re7 49. b4 Re4 50. Kf3 Rf4+ 51. Kg3 Kf7 52. b5 Ke7 53. b6
1-0

[Event "XXVIII Memorial Edoardo Crespi C"]
[Site "Milano ITA"]
[Date "2007.12.07"]
[Round "2"]
[White "Reale, Simone"]
[Black "Berton, Venanzio"]
[Result "1-0"]
[WhiteElo "1422"]
[BlackElo "1446"]
[PlyCount "91"]
[EventDate "2007.12.06"]

1. d4 d5 2. c4 c6 3. Nc3 h6 4. Nf3 Bg4 5. e3 Nf6 6. Bd3 e6 7. O-O Bd6 8. b3
Nbd7 9. Bb2 Qe7 10. h3 Bxf3 11. Qxf3 O-O 12. e4 dxe4 13. Nxe4 Nxe4 14. Qxe4 Nf6
15. Qf3 Rfe8 16. Rfe1 Qc7 17. Re3 b6 18. Rae1 Bb4 19. Rd1 Rad8 20. a3 Bd6 21.
d5 Be7 22. dxe6 Rd6 23. exf7+ Kxf7 24. Bxf6 Rxf6 25. Qh5+ Kf8 26. Bg6 Rd8 27.
Rde1 Qd6 28. Rxe7 Rxg6 29. Rxa7 Kg8 30. Ree7 Kh7 31. Qf5 Rg8 32. Red7 Qb8 33.
h4 h5 34. Qxh5+ Rh6 35. Qf5+ Kh8 36. Qg5 Rh7 37. h5 Qe8 38. Re7 Qd8 39. Rad7
Qf8 40. h6 Qb8 41. g3 Qf8 42. hxg7+ Rgxg7 43. Rxg7 Rxg7 44. Rxg7 Qxg7 45. Qxg7+
Kxg7 46. Kg2 1-0

[Event "XXVIII Memorial Edoardo Crespi C"]
[Site "Milano ITA"]
[Date "2007.12.07"]
[Round "3"]
[White "Calandriello, Michele"]
[Black "Reale, Simone"]
[Result "1/2-1/2"]
[WhiteElo "1443"]
[BlackElo "1422"]
[PlyCount "39"]
[EventDate "2007.12.06"]

1. d4 Nf6 2. c4 g6 3. Nf3 Bg7 4. Nc3 d5 5. e3 O-O 6. Bd3 c6 7. O-O Nbd7 8. h3
Re8 9. Qc2 e5 10. dxe5 Nxe5 11. Nxe5 Rxe5 12. b3 Nh5 13. f4 Re8 14. Bd2 d4 15.
exd4 Bxd4+ 16. Kh2 Qh4 17. Be1 Qf6 18. Bd2 Qh4 19. Be1 Qf6 20. Bd2 1/2-1/2

[Event "XIV Festival C"]
[Site "Montecatini Terme ITA"]
[Date "2007.12.28"]
[Round "2"]
[White "Martinelli, Sergio"]
[Black "Reale, Simone"]
[Result "0-1"]
[WhiteElo "1460"]
[BlackElo "1422"]
[PlyCount "68"]
[EventDate "2007.12.27"]

1. e4 c5 2. Nf3 d6 3. d4 cxd4 4. Nxd4 Nf6 5. Nc3 g6 6. Be3 Bg7 7. Be2 Nc6 8.
Bb5 Bd7 9. a3 O-O 10. Be2 Rc8 11. O-O Ne5 12. h3 Nc4 13. Bxc4 Rxc4 14. f3 Qa5
15. Qd3 Rfc8 16. Nb3 Qc7 17. Nd4 a6 18. Nb3 Nh5 19. Nd2 Be6 20. Nd5 Bxd5 21.
exd5 Rxc2 22. Bd4 Bxd4+ 23. Qxd4 Qc5 24. Qxc5 R8xc5 25. Ne4 Rxd5 26. b4 Nf4 27.
Rf2 Rxf2 28. Kxf2 Kg7 29. Ke3 Nxg2+ 30. Kf2 Nf4 31. Kg3 Nh5+ 32. Kf2 Nf4 33.
Kg3 e5 34. Rc1 Ne2+ 0-1

[Event "XIV Festival C"]
[Site "Montecatini Terme ITA"]
[Date "2007.12.28"]
[Round "3"]
[White "Tracy, Marvin"]
[Black "Reale, Simone"]
[Result "0-1"]
[WhiteElo "1476"]
[BlackElo "1422"]
[PlyCount "82"]
[EventDate "2007.12.27"]

1. d4 Nf6 2. Nf3 d5 3. e3 e6 4. Bd3 Bd6 5. c3 O-O 6. Nbd2 Nbd7 7. O-O c6 8. e4
dxe4 9. Nxe4 Nxe4 10. Bxe4 Re8 11. Bg5 Qc7 12. Qd2 f6 13. Bh4 e5 14. dxe5 Nxe5
15. Rfe1 Nxf3+ 16. gxf3 Bxh2+ 17. Kf1 Bh3+ 18. Ke2 f5 19. Qe3 fxe4 20. fxe4 Bd7
21. f3 Bf4 22. Qg1 Re6 23. Rad1 Rh6 24. Bf2 Rh2 25. Kd3 b6 26. Bd4 g6 27. Re2
Rxe2 28. Kxe2 c5 29. Be3 Bb5+ 30. Kf2 Bxe3+ 31. Kxe3 Rd8 32. Rxd8+ Qxd8 33. Qg4
Kg7 34. Qf4 g5 35. Qe5+ Kg6 36. Qf5+ Kg7 37. Qe5+ Qf6 38. Qc7+ Qf7 39. Qe5+ Kg6
40. Qd6+ Qf6 41. Qc7 Qf4+ 0-1

[Event "XIV Festival C"]
[Site "Montecatini Terme ITA"]
[Date "2007.12.27"]
[Round "4"]
[White "Reale, Simone"]
[Black "Giuntoli, Matteo"]
[Result "1/2-1/2"]
[WhiteElo "1422"]
[BlackElo "1491"]
[PlyCount "48"]
[EventDate "2007.12.27"]

1. d4 Nf6 2. c4 g6 3. Nc3 Bg7 4. e4 d6 5. f4 O-O 6. Nf3 Nbd7 7. Be2 c5 8. O-O
Qb6 9. d5 Qc7 10. Be3 Ng4 11. Qd2 Qb6 12. Bf2 Nxf2 13. Rxf2 Nf6 14. h3 Bd7 15.
e5 Ne8 16. Re1 Bf5 17. Bd3 Bxd3 18. Qxd3 Nc7 19. Kh1 Na6 20. a3 Rad8 21. e6
fxe6 22. Ng5 Nc7 23. Nxe6 Nxe6 24. Rxe6 Rd7 1/2-1/2

[Event "XIV Festival C"]
[Site "Montecatini Terme ITA"]
[Date "2007.12.30"]
[Round "6"]
[White "Reale, Simone"]
[Black "Brizzi, Matteo"]
[Result "1-0"]
[WhiteElo "1422"]
[BlackElo "1407"]
[PlyCount "63"]
[EventDate "2007.12.27"]

1. d4 d5 2. c4 e6 3. Nc3 Nf6 4. Nf3 Nbd7 5. e3 c5 6. Bd3 b6 7. b3 Bb7 8. O-O
Bd6 9. Bb2 O-O 10. Re1 e5 11. Nb5 Bb8 12. Nxe5 a6 13. Nxd7 Qxd7 14. Nc3 dxc4
15. Bxc4 b5 16. Bf1 Qd6 17. g3 b4 18. Na4 Qd5 19. f3 Qc6 20. Nxc5 Qxf3 21. Nxb7
Qxb7 22. Bg2 Ne4 23. Qd3 f5 24. Rf1 Qe7 25. Rxf5 Rxf5 26. Bxe4 Qg5 27. Bxf5
Bxg3 28. hxg3 Qxg3+ 29. Kf1 Qf3+ 30. Ke1 Qg3+ 31. Kd2 Re8 32. Re1 1-0

[Event "Open B U16 Settembre"]
[Site "Corsico ITA"]
[Date "2007.09.16"]
[Round "5"]
[White "Largo, Jacopo"]
[Black "Motola, Jacopo"]
[Result "1-0"]
[WhiteElo "1425"]
[BlackElo "1392"]
[PlyCount "54"]
[EventDate "2007.09.14"]

1. d4 c5 2. c3 d6 3. e4 Nf6 4. Qc2 Nc6 5. Nf3 g6 6. Bb5 Bg7 7. d5 Bd7 8. dxc6
bxc6 9. Bd3 O-O 10. Bg5 h6 11. Bxf6 Bxf6 12. O-O Rb8 13. Re1 Re8 14. e5 dxe5
15. Nxe5 Bxe5 16. Rxe5 f6 17. Rxc5 Kg7 18. Bxg6 Rf8 19. Nd2 Qb6 20. Nb3 f5 21.
Bxf5 Rf6 22. Bxd7 Qc7 23. Bf5 Rbf8 24. Re1 Rxf5 25. Rxf5 Rxf5 26. Qxf5 a5 27.
Qe5+ Kg8 1-0

[Event "Open A U16 Settembre"]
[Site "Corsico ITA"]
[Date "2007.09.14"]
[Round "1"]
[White "Reale, Simone"]
[Black "Ramella, Stefano"]
[Result "1-0"]
[WhiteElo "1473"]
[BlackElo "1458"]
[PlyCount "73"]
[EventDate "2007.09.14"]

1. d4 d6 2. c4 g6 3. Nc3 Bg7 4. e4 Nf6 5. f4 c6 6. Nf3 Qc7 7. Be2 Bg4 8. O-O
Bxf3 9. Rxf3 e5 10. fxe5 dxe5 11. dxe5 Qxe5 12. Bf4 Qe7 13. Bd6 Qe6 14. e5 Nfd7
15. Re3 Bxe5 16. Bxe5 Nxe5 17. Qd4 f6 18. Bg4 Qe7 19. Ne4 Kf8 20. Nxf6 Kf7 21.
Rf1 Kg7 22. Qxe5 Qxe5 23. Rxe5 Na6 24. Re7+ Kh6 25. Rxb7 Raf8 26. Rxa7 Nb4 27.
h3 Nc2 28. Bd1 Ne3 29. Ng4+ Nxg4 30. Bxg4 Rb8 31. b3 Rbd8 32. Bd7 c5 33. Rf7 g5
34. Ra6+ Kh5 35. Bg4+ Kh4 36. Rh6+ Kg3 37. Rf3# 1-0

[Event "XXXVII Corsicoscacchi U16"]
[Site "Corsico ITA"]
[Date "2007.10.13"]
[Round "4"]
[White "Largo, Jacopo"]
[Black "Rossini, Luca"]
[Result "1/2-1/2"]
[WhiteElo "1455"]
[BlackElo "1461"]
[PlyCount "100"]
[EventDate "2007.10.06"]

1. d4 Nf6 2. c4 e6 3. Nc3 d5 4. Bg5 Be7 5. e3 O-O 6. Nf3 Nbd7 7. Bd3 h6 8. Bh4
b6 9. Qc2 Bb7 10. cxd5 exd5 11. Rc1 Rc8 12. Nb5 Ba6 13. Nxa7 Bxd3 14. Qxd3 Ra8
15. Nc6 Qe8 16. a3 Bd6 17. Bxf6 Nxf6 18. Nfe5 Bxe5 19. dxe5 Nd7 20. Qxd5 Qe6
21. Qxe6 fxe6 22. Ne7+ Kf7 23. Nc6 Kg6 24. h4 Rf7 25. f4 Ra4 26. g4 Re4 27. Ke2
Rfxf4 28. Rcg1 Rxg4 29. Rxg4+ Rxg4 30. h5+ Kg5 31. Kf3 Rc4 32. Nd4 Nxe5+ 33.
Ke2 Kf6 34. Rf1+ Ke7 35. Rg1 Kf6 36. Rf1+ Ke7 37. Rg1 Rc5 38. Rxg7+ Nf7 39. Rg6
Rxh5 40. Rxe6+ Kd7 41. Rf6 Nd6 42. Kd3 c5 43. Nc2 b5 44. b3 c4+ 45. bxc4 bxc4+
46. Kd4 Rh4+ 47. Rf4 Rxf4+ 48. exf4 h5 49. Ke3 Ke6 50. Kf3 Kf5 1/2-1/2

[Event "Weekend Felice Bosi C"]
[Site "Milano ITA"]
[Date "2007.10.20"]
[Round "1"]
[White "Reale, Simone"]
[Black "Rokic, Petar"]
[Result "1-0"]
[WhiteElo "1422"]
[BlackElo "1455"]
[PlyCount "39"]
[EventDate "2007.10.20"]

1. d4 d5 2. c4 e6 3. Nc3 Nf6 4. Bg5 Be7 5. e3 O-O 6. Nf3 c6 7. c5 Nbd7 8. Bd3
Re8 9. O-O Nf8 10. Ne5 N6d7 11. Bxe7 Qxe7 12. f4 f6 13. Ng4 e5 14. fxe5 fxe5
15. Bf5 Qg5 16. Qf3 g6 17. Bxd7 Nxd7 18. Qf7+ Kh8 19. Qxe8+ Kg7 20. Rf7# 1-0

[Event "Weekend Felice Bosi C"]
[Site "Milano ITA"]
[Date "2007.10.21"]
[Round "3"]
[White "Reale, Simone"]
[Black "Daleno, Michele"]
[Result "1-0"]
[WhiteElo "1422"]
[BlackElo "1336"]
[PlyCount "57"]
[EventDate "2007.10.20"]

1. d4 f5 2. c4 e6 3. Nc3 Bb4 4. Qc2 Qf6 5. Nf3 Nc6 6. e3 Nh6 7. a3 Bxc3+ 8.
Qxc3 a5 9. Bd3 O-O 10. O-O b6 11. b3 Bb7 12. Bb2 Nf7 13. Rfe1 Ng5 14. Nxg5 Qxg5
15. e4 g6 16. d5 e5 17. dxc6 d6 18. cxb7 Rab8 19. Rad1 f4 20. f3 Rxb7 21. c5
bxc5 22. Bc4+ Kg7 23. Qxa5 Qe7 24. b4 cxb4 25. axb4 Rbb8 26. Bd5 h5 27. Rc1
Rbc8 28. Bb7 Rb8 29. Rxc7 1-0

[Event "Weekend Felice Bosi C"]
[Site "Milano ITA"]
[Date "2007.10.27"]
[Round "5"]
[White "Reale, Simone"]
[Black "Fox Gariani, Fabio"]
[Result "1-0"]
[WhiteElo "1422"]
[BlackElo "1437"]
[PlyCount "85"]
[EventDate "2007.10.20"]

1. d4 d5 2. c4 e6 3. Nc3 Nf6 4. Nf3 Nc6 5. e3 a6 6. Bd3 Be7 7. b3 b6 8. O-O O-O
9. Bb2 Bd7 10. a3 Bd6 11. Qc2 g6 12. Rfe1 Re8 13. e4 dxe4 14. Nxe4 Nxe4 15.
Rxe4 Be7 16. d5 Bf6 17. dxc6 Bxc6 18. Re3 Bxb2 19. Qxb2 Bb7 20. Be4 c6 21. Rd3
Qe7 22. Rad1 Rad8 23. Ne5 Qf6 24. Qc3 h5 25. Rxd8 Rxd8 26. Rxd8+ Qxd8 27. Qd3
Qxd3 28. Nxd3 Kg7 29. Ne5 b5 30. cxb5 axb5 31. Bxc6 Ba6 32. f4 f6 33. Nd7 Kf7
34. Nc5 Bc8 35. Bxb5 e5 36. fxe5 fxe5 37. Kf2 Kf6 38. a4 g5 39. a5 Kf5 40. Bd7+
Bxd7 41. Nxd7 e4 42. Ke3 h4 43. a6 1-0

[Event "Weekend Felice Bosi C"]
[Site "Milano ITA"]
[Date "2007.10.28"]
[Round "6"]
[White "Fornari, Sergio"]
[Black "Reale, Simone"]
[Result "1/2-1/2"]
[WhiteElo "1418"]
[BlackElo "1422"]
[PlyCount "102"]
[EventDate "2007.10.20"]

1. d4 Nf6 2. Nf3 g6 3. Bg5 Bg7 4. Nbd2 O-O 5. e4 d6 6. Bd3 c5 7. c3 Nbd7 8. O-O
e5 9. d5 h6 10. Bh4 g5 11. Bg3 Nh5 12. Bc2 Nf4 13. Bxf4 exf4 14. h3 Kh8 15. Nc4
Nf6 16. Bd3 Rg8 17. Re1 b5 18. Na3 a6 19. c4 b4 20. Nc2 Ne8 21. Rb1 g4 22. hxg4
Bxg4 23. Be2 Bxf3 24. Bxf3 Qg5 25. Re2 Be5 26. Ne1 h5 27. Nd3 f6 28. Nxe5 fxe5
29. Re1 h4 30. Kf1 Ra7 31. Ke2 Nf6 32. Kd3 Ng4 33. Qe2 Nh2 34. Rh1 Nxf3 35.
gxf3 Rh7 36. Rh3 Qf6 37. Rbh1 Rg6 38. R1h2 Rg1 39. Qc2 a5 40. Qa4 Qd8 41. Rh1
Rxh1 42. Rxh1 h3 43. Qd1 h2 44. Ke2 Qg5 45. Qf1 Kg7 46. a3 Kh8 47. axb4 axb4
48. b3 Qg8 49. Qa1 Qg2 50. Qa8+ Kg7 51. Qa7+ Kh8 1/2-1/2

[Event "VIII Festival Hotel Petra B"]
[Site "Roma ITA"]
[Date "2007.10.30"]
[Round "2"]
[White "Arabito, Giuseppe"]
[Black "Mammoliti, Francesco"]
[Result "1-0"]
[WhiteElo "1933"]
[BlackElo "1768"]
[PlyCount "49"]
[EventDate "2007.10.29"]

1. e4 c5 2. Nf3 d6 3. d4 cxd4 4. c3 dxc3 5. Nxc3 e6 6. Bc4 Be7 7. O-O Nc6 8.
Qe2 a6 9. Rd1 Qc7 10. Bf4 Nf6 11. Rac1 O-O 12. Bb3 Qb8 13. e5 dxe5 14. Nxe5
Nxe5 15. Bxe5 Qa7 16. Ne4 Rd8 17. Rxd8+ Bxd8 18. Qd3 Nd5 19. Qg3 f6 20. Bxf6 b5
21. Bxd8 Bb7 22. Ba5 Rf8 23. Bc3 Bc8 24. Be5 a5 25. Bxd5 1-0